| 000 | 00780nam a22002057a 4500 | ||
|---|---|---|---|
| 999 |
_c20468 _d20468 |
||
| 003 | AR-CdUCM | ||
| 008 | 190530b ||||| |||| 00| 0 spa d | ||
| 040 |
_aMUNICIPALIDAD PROVINCIAL DEL CUSCO _cBIBLIOTECA MUNICIPAL DEL CUSCO |
||
| 082 |
_a150 / _bE61 |
||
| 100 |
_aEngle, T.L. y Snellgrove Louis _942803 |
||
| 245 |
_aPsicología : _bPrincipios y aplicaciones / |
||
| 260 |
_aMéxico, D.F. : _bPublicaciones cultural, _bJac's, _c1976. |
||
| 300 |
_a626 páginas ; _bFotos a b/n, _c24 cm. |
||
| 505 | _aContenido : ¿Qué es la psicología? -- Los principios del aprendizaje -- Cómo aprender satisfactoriamente... | ||
| 650 |
_aPatrones de conducta _942804 |
||
| 650 |
_aConducta humana _937238 |
||
| 650 |
_aAjustes emocionales _942805 |
||
| 942 |
_2ddc _cLIBROS |
||
| 945 | _aandy | ||